000
00357nam a2200133Ia 4500
008
151001s9999||||xx |||||||||||||| ||und||
100
_a
M N Roy
245
4
_a
The Historical Role of Islam
250
_a
1
260
_b
Kuda Baksh O.P.Libary
260
_c
1996
300
_a
170
365
_b
21
999
_c
973634
_d
973631